[Event "ch-Frankfurt A"]
[White "Landvoigt, Martin"]
[Black "Mayer, Rolf"]
[Site "Frankfurt"]
[Result "1/2-1/2"]
[Round "7.32"]
[WhiteElo "1593"]
[BlackElo "1743"]
[PlyCount "300"]
[Date "2024.06.17"]
[Time "18:30:00"]
[WhiteTeam "vereinslos"]
[BlackTeam "SC Flörsheim 1921"]

1. Nf3 Nf6 2. d4 d5 3. Bg5 e6 4. e3 Be7 5. Bd3 h6 6. Bf4 O-O 7. O-O c5 8. c3 Nc6 
9. Ne5 Qb6 10. b3 Nxe5 11. Bxe5 cxd4 12. cxd4 Bd7 13. Nd2 Rac8 14. h3 a5 15. Nf3 
Rc3 16. Rc1 Rfc8 17. Rxc3 Rxc3 18. Qd2 Rc8 19. Nh2 Bb5 20. Qe2 Bxd3 21. Qxd3 Qc6 
22. Qe2 Qc2 23. Re1 Qxe2 24. Rxe2 Ne4 25. f3 Rc1+ 26. Nf1 Nc3 27. Rd2 b5 28. Kf2 
a4 29. bxa4 Nxa4 30. Ng3 Bb4 31. Re2 Nc3 32. Re1 Nxa2 33. Rxc1 Nxc1 34. Nh5 Nd3+ 
35. Ke2 Nxe5 36. dxe5 Bc3 37. f4 b4 38. Kd3 g6 39. Nf6+ Kg7 40. g4 g5 41. fxg5 hxg5 
42. Nd7 Kg6 43. e4 dxe4+ 44. Kxe4  1/2-1/2

[Event "ch-Frankfurt A"]
[White "Hofmann-Weippert, Matthias"]
[Black "Stulken, Dietmar"]
[Site "Frankfurt"]
[Result "1-0"]
[Round "7.33"]
[WhiteElo "1526"]
[BlackElo "1306"]
[PlyCount "300"]
[Date "2024.06.17"]
[Time "18:30:00"]
[WhiteTeam "Sfr.Mainz 1928"]
[BlackTeam "SF Frankfurt 1921"]

1. d4 d5 2. c4 e6 3. Nc3 Nf6 4. e3 Nc6 5. Nf3 Be7 6. Bd2 O-O 7. Rc1 b6 8. Bd3 Bb7 
9. O-O Nb4 10. Be2 c5 11. a3 Nc6 12. dxc5 bxc5 13. cxd5 exd5 14. Na4 c4 15. b4 Ne4 
16. Bc3 Nxc3 17. Nxc3 Nb8 18. Qc2 Bf6 19. Rfd1 Bxc3 20. Qxc3 Qe7 21. Nd4 Nd7 22. 
Bf3 Nf6 23. Nf5 Qe6 24. Bg4 Kh8 25. Bh3 Qd7 26. Nxg7 Qd8 27. Nh5 Rg8 28. Qxf6+ Qxf6 
29. Nxf6 Rg6 30. Nxd5 Rag8 31. Rxc4 Bc8 32. Rxc8 Rxc8 33. Bxc8  1-0

[Event "ch-Frankfurt A"]
[White "Nabuuma, Rakhshanah"]
[Black "Kluge, Joscha"]
[Site "Frankfurt"]
[Result "1/2-1/2"]
[Round "7.34"]
[WhiteElo "1680"]
[BlackElo "1704"]
[PlyCount "300"]
[Date "2024.06.17"]
[Time "18:30:00"]
[WhiteTeam "vereinslos"]
[BlackTeam "SC Bergen-Enkheim 1922"]

1. d4 Nf6 2. Bf4 g6 3. Nf3 Bg7 4. Qd2 d6 5. Nc3 Nc6 6. Bh6 O-O 7. e4 e5 8. Bxg7 Kxg7 
9. Bc4 Nxe4 10. Nxe4 d5 11. Bxd5 Qxd5 12. Nc3 Qe6 13. O-O exd4 14. Nxd4 Qd7 15. 
Nf3 Qxd2 16. Nxd2 Bf5 17. Nce4 Rfd8 18. c3 Rd7 19. f3 h5 20. Nb3 b6 21. Ng3 Bd3 
22. Rfd1 Rad8 23. Rd2 Ne5 24. Re1 Nc4 25. Rf2 h4 26. Nf1 Kf6 27. Nc1 Bxf1 28. Kxf1 
Rd1 29. Ke2 Kf5 30. b3 Rxe1+ 31. Kxe1 Ne5 32. Rd2 Rxd2 33. Kxd2 g5 34. Ke3 c5 35. 
c4 a6 36. Ne2 Nc6 37. a3 Na5 38. Nc1 Ke5 39. g3 b5 40. cxb5 axb5 41. a4 bxa4 42. 
bxa4 Nc4+ 43. Ke2 Na5 44. Kd2 hxg3 45. hxg3 f5 46. Kc3 g4 47. Nd3+ Kd5 48. Nf4+ 
Ke5 49. Ng6+ Kf6 50. Nh4 Kg5 51. f4+ Kf6 52. Ng2 Ke6 53. Ne3 Kf6 54. Nc4 Nc6 55. 
a5 Ke6 56. a6 Kd5 57. Ne3+ Ke4 58. Kd2 Na7 59. Ke2 Nc6 60. Nc4 Kd5 61. Nb6+ Kd4 
62. Nc8 c4 63. a7 Nxa7 64. Nxa7 c3 65. Nb5+ Kc4 66. Nd6+ Kb3 67. Kd1 Kb2 68. Nc4+ 
Kb1 69. Na3+ Kb2 70. Nc2 Kb1 71. Ne3 Kb2 72. Nc4+ Kb1 73. Ne3 Kb2 74. Ke2 c2 75. 
Nxc2 Kxc2  1/2-1/2

[Event "ch-Frankfurt A"]
[White "Manasek, Martin"]
[Black "Cichon, Jörg"]
[Site "Frankfurt"]
[Result "1-0"]
[Round "7.35"]
[WhiteElo "1677"]
[BlackElo "1818"]
[PlyCount "300"]
[Date "2024.06.17"]
[Time "18:30:00"]
[WhiteTeam "SC Flörsheim 1921"]
[BlackTeam "Sfr.Mainz 1928"]

1. d4 Nf6 2. c4 g6 3. Nc3 Bg7 4. Nf3 d6 5. Bf4 c6 6. e4 Nbd7 7. Be2 O-O 8. O-O Nh5 
9. Be3 e5 10. d5 c5 11. Qc2 h6 12. Nd2 Nf4 13. Bf3 Nf6 14. Bxf4 exf4 15. Rfe1 Re8 
16. Qd1 Nd7 17. Rb1 Ne5 18. Nb3 Nxc4 19. Qc2 b5 20. Nd2 Nxd2 21. Qxd2 b4 22. Ne2 
g5 23. g3 g4 24. Bh1 f3 25. Nf4 Qa5 26. a3 Qa4 27. axb4 cxb4 28. Nh5 b3 29. Nxg7 
Kxg7 30. Qf4 Qd7 31. e5 dxe5 32. Rxe5 Rxe5 33. Qxe5+ f6 34. Qd4 Qf5 35. Rc1 Qe5 
36. Qd2 Ba6 37. d6 Qe2 38. Qd4 Qe5 39. Qxg4+ Qg5 40. Rc7+ Kh8 41. Qe4 Qg8 42. Bxf3 
Re8 43. Re7 Rc8 44. Qe3 Qg6 45. Be4 Qg5 46. Qxa7 Rc1+ 47. Kg2 Bf1+ 48. Kf3 Rc3+ 
49. bxc3 Qh5+ 50. Ke3 Qe2+ 51. Kf4 Qd2+ 52. Qe3 Qxd6+ 53. Kg4 Qxe7 54. Qxh6+ Kg8 
55. Bd5+  1-0

[Event "ch-Frankfurt A"]
[White "Wilczek, Jan-Philipp"]
[Black "Vollbracht, Henrik, Dr."]
[Site "Frankfurt"]
[Result "1-0"]
[Round "7.36"]
[WhiteElo "1455"]
[BlackElo "1693"]
[PlyCount "300"]
[Date "2024.06.17"]
[Time "18:30:00"]
[WhiteTeam "SAbt TuS Makkabi Ffm"]
[BlackTeam "Sabt Frankfurter TV 1860"]

1. e4 c6 2. Nf3 d5 3. e5 Bf5 4. d4 e6 5. Bd3 Bxd3 6. Qxd3 Nd7 7. O-O c5 8. c3 Qb6 
9. Qe2 Ne7 10. Be3 Nf5 11. b3 Be7 12. Nbd2 O-O 13. g4 Nxe3 14. fxe3 Rac8 15. Rac1 
cxd4 16. exd4 Qa5 17. Nb1 b5 18. b4 Qb6 19. g5 Rc6 20. Rf2 Bxb4 21. g6 h6 22. gxf7+ 
Rxf7 23. Nh4 Rxf2 24. Qxf2 Qd8 25. Rf1 Bxc3 26. Qf7+ Kh7 27. Qg6+ Kg8 28. Qf7+ Kh7 
29. Qg6+ Kh8 30. Nf3 Nf8 31. Qd3 b4 32. Nxc3 Rxc3 33. Qe2 Nh7 34. h4 Nf8 35. Qf2 
Qe8 36. Nh2 Qg6+ 37. Kh1 Qe4+ 38. Kg1 Ng6 39. h5 Nh4 40. Re1 Qd3 41. Qxh4 b3 42. 
axb3 Rxb3 43. Qg4 Rb6 44. Rf1 Rb8 45. Rf7 Rb1+ 46. Nf1 Qe3+ 47. Kh1 Qe4+ 48. Qxe4 
dxe4 49. Kg2 Kg8 50. Rxa7 Rb2+ 51. Kg3 Rb3+ 52. Kf2 Rd3 53. Rd7 g5 54. hxg6 h5 55. 
Ng3 e3+ 56. Ke2 Rb3 57. Nxh5  1-0

[Event "ch-Frankfurt A"]
[White "Fredershausen, Kurt"]
[Black "Wundram, Til"]
[Site "Frankfurt"]
[Result "0-1"]
[Round "7.37"]
[WhiteElo "1030"]
[BlackElo "1557"]
[PlyCount "300"]
[Date "2024.06.17"]
[Time "18:30:00"]
[WhiteTeam "SC Bad Soden"]
[BlackTeam "vereinslos"]

1. e4 c6 2. d4 d5 3. Nc3 Nf6 4. e5 Nfd7 5. Nf3 h6 6. Bd3 c5 7. Nxd5 cxd4 8. Nf4 e6 
9. b3 Bb4+ 10. Bd2 Qa5 11. Bxb4 Qxb4+ 12. Qd2 Qxd2+ 13. Kxd2 Nc6 14. Bb5 O-O 15. 
Bxc6 bxc6 16. Nd3 f6 17. Rae1 Bb7 18. Nxd4 Rfe8 19. f4 c5 20. Nf3 Rad8 21. Kc1 f5 
22. c4 Be4 23. Nf2 Bb7 24. Nh4 Nb8 25. Rd1 Rd4 26. Rxd4 cxd4 27. Rd1 Rd8 28. Nd3 
Be4 29. Nf3 Kf8 30. Nc5 Kf7 31. Nxd4 Bxg2 32. Ndxe6 Re8 33. Rd7+ Nxd7 34. Nc7 Nxc5 
35. Nxe8 Kxe8 36. Kd2 Be4 37. Ke3 Bb1 38. b4 Nd3 39. a3 Kd7 40. c5 Kc6 41. Kd4 Nxf4 
42. a4 Ne6+ 43. Ke3 a6 44. b5+ axb5 45. a5 Kxc5 46. Ke2 f4 47. a6 Kb6 48. Kf3 Kxa6 
49. Ke2 b4 50. Kd2 f3 51. Ke1 b3 52. Kf2 Be4 53. Kg3 b2 54. Kh4 b1Q 55. h3 Qg1  0-1